| 000 | 00379nam a2200145Ia 4500 | ||
|---|---|---|---|
| 008 | 150201s2005 xx 000 0 und d | ||
| 082 |
_a617.63 _bC2005P |
||
| 100 | _aPRAMOD JOHN K. | ||
| 245 | _aCOMPERHENSIVE REVIEW OF ORAL MEDICINE | ||
| 250 | _a1ST | ||
| 260 |
_bC.B.S PUBLISHERS & DISTRIBUTERS _aDELHI _c2005 |
||
| 300 | _a1-164 | ||
| 650 | _aORAL MEDICINE | ||
| 942 |
_2ddc _cBK |
||
| 999 |
_c3493 _d3493 |
||